[Event "Norway Chess op-A"]
[Site "Stavanger"]
[Date "2022.06.08"]
[Round "7"]
[White "Flatebo, Hallvard Haug"]
[Black "Eric, Jovana"]
[Result "0-1"]
[WhiteElo "1907"]
[BlackElo "2301"]
[PlyCount "72"]
[EventDate "2022.06.03"]
[EventType "swiss"]
[EventRounds "9"]
[EventCountry "NOR"]
[SourceTitle "CBM 208 Extra"]
[Source "ChessBase"]
[SourceDate "2022.07.31"]
[SourceVersion "1"]
[SourceVersionDate "2022.07.31"]
[SourceQuality "1"]

1. d4 d5 2. Nc3 Nf6 3. Bg5 g6 4. e3 Bg7 5. h4 h6 6. Bf4 c6 7. Qd2 Be6 8. Bd3 Nbd7 9. Nge2 Nb6 10. b3 Nc8 11. f3 Nd6 12. Be5 Bf5 13. g4 Bxd3 14. Qxd3 Qa5 15. Kf2 0-0-0 16. a4 Nfe8 17. Bg3 h5 18. Rhb1 hxg4 19. b4 Qc7 20. b5 gxf3 21. bxc6 Qxc6 22. Nb5 Qa6 23. Nec3 e6 24. Ra3 Bf6 25. Nxd6+ Nxd6 26. Qxa6 bxa6 27. Bxd6 Rxd6 28. Rab3 Bxh4+ 29. Kxf3 Rhd8 30. Rb8+ Kd7 31. R1b7+ Ke8 32. Rxd8+ Bxd8 33. Rxa7 Rc6 34. Ne2 a5 35. Nc1 Rxc2 36. Nb3 Rc4 0-1

[Event "Norway Chess op-A"]
[Site "Stavanger"]
[Date "2022.06.05"]
[Round "4"]
[White "Flatebo, Hallvard Haug"]
[Black "Goh, Zi Han"]
[Result "0-1"]
[WhiteElo "1907"]
[BlackElo "2113"]
[PlyCount "64"]
[EventDate "2022.06.03"]
[EventType "swiss"]
[EventRounds "9"]
[EventCountry "NOR"]
[SourceTitle "CBM 208 Extra"]
[Source "ChessBase"]
[SourceDate "2022.07.31"]
[SourceVersion "1"]
[SourceVersionDate "2022.07.31"]
[SourceQuality "1"]

1. d4 d5 2. c4 c6 3. Nf3 Nf6 4. g3 Bf5 5. Bg2 e6 6. 0-0 h6 7. Qb3 Qc8 8. Nc3 Nbd7 9. cxd5 exd5 10. Bf4 Be7 11. Rac1 Nb6 12. Ne5 0-0 13. a4 Be6 14. Rfe1 Rd8 15. a5 Nc4 16. a6 b5 17. Qa2 g5 18. Be3 Nxe3 19. fxe3 Rb8 20. Rf1 Rb6 21. Nxb5 Rxb5 22. Nxc6 Qd7 23. Nxd8 Qxd8 24. Rc2 Qb6 25. Qa1 Kg7 26. Qc1 Qxa6 27. Rc6 Qa2 28. Rc2 Qb3 29. Rc7 Bd8 30. Rxa7 Qxb2 31. Ra8 Bb6 32. Qc6 Qxe2 0-1

[Event "Norway Chess op-A"]
[Site "Stavanger"]
[Date "2022.06.05"]
[Round "3"]
[White "Perkampus, Laurin"]
[Black "Flatebo, Hallvard Haug"]
[Result "1/2-1/2"]
[WhiteElo "2069"]
[BlackElo "1907"]
[PlyCount "142"]
[EventDate "2022.06.03"]
[EventType "swiss"]
[EventRounds "9"]
[EventCountry "NOR"]
[SourceTitle "CBM 208 Extra"]
[Source "ChessBase"]
[SourceDate "2022.07.31"]
[SourceVersion "1"]
[SourceVersionDate "2022.07.31"]
[SourceQuality "1"]

1. d4 Nf6 2. c4 e6 3. Nc3 Bb4 4. Qc2 d5 5. cxd5 exd5 6. Bg5 h6 7. Bxf6 Qxf6 8. a3 Bxc3+ 9. Qxc3 0-0 10. e3 Re8 11. Nf3 Bf5 12. Be2 Nd7 13. b4 Rac8 14. Rc1 c6 15. a4 Nf8 16. 0-0 Ng6 17. Rfe1 Re6 18. Qb3 Rce8 19. b5 Be4 20. bxc6 bxc6 21. Nd2 Bf5 22. g3 Bh3 23. Qd1 Qe7 24. Rc3 f5 25. Bf1 Bxf1 26. Rxf1 Qf6 27. Nb3 Nf8 28. Nc5 R6e7 29. Qc2 g5 30. Nd3 Re6 31. Ne5 Ng6 32. Nxg6 Qxg6 33. Rc1 Rc8 34. Rc5 Rd6 35. Rb1 Qf7 36. Rcb5 Rc7 37. Rb8+ Kg7 38. Ra8 Rdd7 39. Rbb8 Qe6 40. Qc5 Qe7 41. Rg8+ Kh7 42. Rh8+ Kg6 43. Rag8+ Kh5 44. Qc2 Qe4 45. h4 Rg7 46. Qe2+ g4 47. Re8 Rce7 48. Rb8 Rb7 49. Kh2 Rbe7 50. Rhc8 Rg6 51. Rb2 Rge6 52. Rc2 f4 53. gxf4 Qxf4+ 54. Kg2 Qxd4 55. exd4 Rxe2 56. Rxe2 Rxe2 57. Rxc6 Re4 58. Ra6 Rxd4 59. Rxa7 Kxh4 60. a5 Rd2 61. Kf1 h5 62. a6 Ra2 63. Rd7 Rxa6 64. Rxd5 Ra2 65. Kg2 Ra3 66. Rb5 Rd3 67. Rc5 Rd4 68. Rb5 Rd6 69. Rc5 Rg6 70. Rb5 Rg5 71. Rb8 Rc5 1/2-1/2

[Event "NOR-chT Clubs"]
[Site "Drammen"]
[Date "2022.05.26"]
[Round "4"]
[White "Oye Stromberg, Alexander"]
[Black "Flatebo, Hallvard Haug"]
[Result "1-0"]
[WhiteElo "2268"]
[BlackElo "1874"]
[PlyCount "67"]
[EventDate "2022.05.26"]
[EventType "team-swiss"]
[EventRounds "6"]
[EventCountry "NOR"]
[SourceTitle "EXT 2024"]
[Source "ChessBase"]
[SourceDate "2023.10.10"]
[SourceVersion "1"]
[SourceVersionDate "2023.10.10"]
[SourceQuality "1"]
[WhiteTeam "Hell"]
[BlackTeam "Haugaland II"]
[WhiteTeamCountry "NOR"]
[BlackTeamCountry "NOR"]

1. d4 Nf6 2. c4 e6 3. Nc3 Bb4 4. Qc2 d5 5. a3 Be7 6. Nf3 0-0 7. cxd5 exd5 8. Bg5 c6 9. e3 Nbd7 10. Bd3 h6 11. Bh4 Re8 12. h3 Ne4 13. Bxe4 Bxh4 14. Bh7+ Kh8 15. 0-0 Bf6 16. Bd3 Nf8 17. b4 Qd6 18. Rfe1 Ne6 19. Rad1 a5 20. Qb3 axb4 21. axb4 Bd7 22. Ra1 Nc7 23. Na4 Na6 24. Nb6 Rab8 25. Bxa6 bxa6 26. Nxd7 Qxd7 27. Rxa6 Rb5 28. Rc1 Reb8 29. Raxc6 Rxb4 30. Qc2 Rb2 31. Rc8+ Rxc8 32. Qxc8+ Qxc8 33. Rxc8+ Kh7 34. Rc5 1-0

[Event "Fagernes op"]
[Site "Fagernes"]
[Date "2020.10.07"]
[Round "5"]
[White "Flatebo, Hallvard Haug"]
[Black "Krivenko, Dion"]
[Result "0-1"]
[WhiteElo "1877"]
[BlackElo "2047"]
[PlyCount "88"]
[EventDate "2020.10.04"]
[EventType "swiss"]
[EventRounds "9"]
[EventCountry "NOR"]
[SourceTitle "EXT 2021"]
[Source "ChessBase"]
[SourceDate "2020.10.23"]
[SourceVersion "1"]
[SourceVersionDate "2020.10.23"]
[SourceQuality "1"]

1. d4 g6 2. c4 Bg7 3. Nc3 c5 4. d5 Bxc3+ 5. bxc3 f5 6. e4 fxe4 7. f3 Nf6 8. Bg5 d6 9. Qc2 Bf5 10. g4 Bc8 11. h3 Nbd7 12. Bg2 Qa5 13. f4 Nb6 14. Ne2 Qa6 15. Bxe4 Kf7 16. f5 Qxc4 17. fxg6+ hxg6 18. Bxf6 exf6 19. 0-0-0 Bd7 20. Bxg6+ Kg7 21. Qe4 Qxe4 22. Bxe4 Rae8 23. Ng3 Re5 24. Bf5 Ba4 25. Bc2 Bxc2 26. Kxc2 Nxd5 27. Rd3 Kg6 28. Nf5 Re2+ 29. Kb1 Nb6 30. Rxd6 Rg2 31. Re6 Na4 32. Re3 Rb2+ 33. Ka1 Rc2 34. Kb1 Rb2+ 35. Ka1 Rc2 36. Kb1 Rxc3 37. Re7 Rh7 38. Rxh7 Kxh7 39. h4 Rc4 40. Re1 Rxg4 41. Re7+ Kg6 42. Nd6 Rxh4 43. Nxb7 Rh2 44. Re3 Rb2+ 0-1

[Event "Kragero Sept op"]
[Site "Kragero"]
[Date "2020.09.06"]
[Round "5"]
[White "Flatebo, Hallvard Haug"]
[Black "Shehzad, Shazil Khan"]
[Result "0-1"]
[WhiteElo "1865"]
[BlackElo "2164"]
[PlyCount "156"]
[EventDate "2020.09.04"]
[EventType "swiss"]
[EventRounds "6"]
[EventCountry "NOR"]
[SourceTitle "CBM 198 Extra"]
[Source "ChessBase"]
[SourceDate "2020.11.30"]
[SourceVersion "1"]
[SourceVersionDate "2020.11.30"]
[SourceQuality "1"]

1. d4 Nf6 2. c4 e6 3. Nc3 Bb4 4. e3 0-0 5. Bd3 d5 6. Nge2 dxc4 7. Bxc4 c5 8. 0-0 b6 9. d5 Bxc3 10. Nxc3 exd5 11. Nxd5 Bb7 12. Nxf6+ Qxf6 13. Qe2 Nd7 14. f3 Ne5 15. e4 Rad8 16. Rb1 Nc6 17. Be3 Nd4 18. Qf2 Rd7 19. b4 cxb4 20. Rxb4 Rfd8 21. Bd5 Ne6 22. Bxb7 Rxb7 23. g3 Rbd7 24. Rbb1 Qc3 25. Rb3 Qa5 26. Rb2 Rd3 27. Re1 Nd4 28. Bxd4 R3xd4 29. Ree2 h6 30. Rbc2 Qb4 31. Rb2 Qd6 32. Kg2 h5 33. h4 Rd3 34. Rb5 g6 35. Rb3 Rd1 36. Rbe3 b5 37. e5 Qe6 38. Ra3 a6 39. Qe3 b4 40. Rb3 a5 41. a3 R1d4 42. axb4 axb4 43. f4 Qd5+ 44. Qf3 Qc4 45. f5 gxf5 46. e6 fxe6 47. Rbe3 Rg4 48. Rxe6 f4 49. R6e4 Qf7 50. Rxf4 Rxf4 51. Qxf4 Qxf4 52. gxf4 Rb8 53. Rb2 b3 54. Kf3 Kf7 55. Ke4 Kf6 56. Kd3 Kf5 57. Ke3 Rb4 58. Kd2 Kxf4 59. Kc3 Rb8 60. Rb1 b2 61. Kc2 Kg3 62. Rg1+ Kf2 63. Rb1 Kg2 64. Kd3 Kh3 65. Kc2 Kxh4 66. Rh1+ Kg3 67. Kb1 h4 68. Rg1+ Kh2 69. Rg7 h3 70. Rg6 Rb3 71. Rg8 Rg3 72. Rb8 Rg2 73. Rh8 Rf2 74. Rg8 Rf3 75. Kxb2 Rg3 76. Rd8 Kh1 77. Rd1+ Rg1 78. Rd6 h2 0-1

[Event "NOR-chT Club"]
[Site "Drammen"]
[Date "2019.06.02"]
[Round "5.15"]
[White "Flatebo, Hallvard Haug"]
[Black "Demac, Elias"]
[Result "0-1"]
[WhiteElo "1858"]
[BlackElo "2201"]
[PlyCount "38"]
[EventDate "2019.05.30"]
[EventType "team-swiss"]
[EventRounds "6"]
[EventCountry "NOR"]
[SourceTitle "CBM 190 Extra"]
[Source "ChessBase"]
[SourceDate "2019.07.15"]
[SourceVersion "1"]
[SourceVersionDate "2019.07.15"]
[SourceQuality "1"]
[WhiteTeam "Sevland II"]
[BlackTeam "Bergens II"]
[WhiteTeamCountry "NOR"]
[BlackTeamCountry "NOR"]

1. d4 f5 2. c4 Nf6 3. Nc3 g6 4. g3 Bg7 5. Bg2 0-0 6. Nh3 d6 7. d5 Na6 8. Nf4 e5 9. dxe6 c6 10. 0-0 Nc5 11. Qc2 g5 12. Nd3 Nxe6 13. e3 Qe8 14. Rb1 Qg6 15. Ne2 f4 16. e4 Nh5 17. f3 Nd4 18. Qd1 Nxe2+ 19. Qxe2 Bd4+ 0-1

[Event "Bergen Grand Prix A"]
[Site "Bergen"]
[Date "2018.11.25"]
[Round "4"]
[White "Flatebo, Hallvard Haug"]
[Black "Johannessen, Heine N"]
[Result "1/2-1/2"]
[WhiteElo "1815"]
[BlackElo "1623"]
[PlyCount "80"]
[EventDate "2018.11.23"]
[EventType "swiss"]
[EventRounds "5"]
[EventCountry "NOR"]
[SourceTitle "EXT 2024"]
[Source "ChessBase"]
[SourceDate "2023.10.10"]
[SourceVersion "1"]
[SourceVersionDate "2023.10.10"]
[SourceQuality "1"]

1. e4 c5 2. Nf3 g6 3. c3 Bg7 4. d4 cxd4 5. cxd4 d5 6. e5 Bg4 7. Nc3 e6 8. h3 Bxf3 9. Qxf3 Ne7 10. Bg5 0-0 11. Be2 a6 12. 0-0 Nbc6 13. Rfd1 Qc7 14. g4 Nc8 15. Rac1 Nb6 16. a3 Rac8 17. b4 Qd7 18. b5 Na5 19. bxa6 Nbc4 20. axb7 Qxb7 21. Rb1 Qd7 22. Nb5 Rfe8 23. Bd2 Bf8 24. a4 Nxd2 25. Rxd2 Nc4 26. Bxc4 Rxc4 27. Qd1 Qd8 28. Rc1 Rxc1 29. Qxc1 Bh6 30. Qc2 Bxd2 31. Qxd2 Qb6 32. Qf4 Ra8 33. Nd6 Qc7 34. Qf6 Rxa4 35. Ne8 Qc1+ 36. Kg2 Qh6 37. Qd8 Qf8 38. Nf6+ Kg7 39. Ne8+ Kg8 40. Nf6+ Kg7 1/2-1/2

[Event "Bergen Grand Prix A"]
[Site "Bergen"]
[Date "2018.11.24"]
[Round "3"]
[White "Ayzenberg, Alena"]
[Black "Flatebo, Hallvard Haug"]
[Result "0-1"]
[WhiteElo "1906"]
[BlackElo "1815"]
[PlyCount "164"]
[EventDate "2018.11.23"]
[EventType "swiss"]
[EventRounds "5"]
[EventCountry "NOR"]
[SourceTitle "EXT 2024"]
[Source "ChessBase"]
[SourceDate "2023.10.10"]
[SourceVersion "1"]
[SourceVersionDate "2023.10.10"]
[SourceQuality "1"]

1. d4 f5 2. Nf3 Nf6 3. g3 g6 4. Bg2 Bg7 5. 0-0 0-0 6. Qd3 Nc6 7. Nc3 d5 8. Ne5 Ne4 9. Nxc6 bxc6 10. Na4 e5 11. dxe5 Bxe5 12. Bh6 Re8 13. f3 Nd6 14. Rad1 Qe7 15. Rfe1 a5 16. f4 Bf6 17. Qa3 Ba6 18. Qc5 Qe3+ 19. Qxe3 Rxe3 20. Rxd5 Bb5 21. Nc5 Rae8 22. Rdd1 Bxe2 23. Rd2 Nc4 24. Rd7 R3e7 25. Bxc6 Rxd7 26. Nxd7 Bd4+ 27. Kg2 Ne3+ 28. Kh1 Re6 29. Rxe2 Rxc6 30. c3 Ba7 31. Rd2 Ng4 32. Ne5 Rd6 33. Rxd6 Nf2+ 34. Kg2 cxd6 35. Nc4 Nd1 36. Nxd6 Nxb2 37. Bg5 Kg7 38. Bd8 a4 39. Nb5 Bc5 40. Bc7 Nc4 41. Kf3 Kf7 42. h3 Ke6 43. Bd8 Nd2+ 44. Kg2 Kd5 45. Nc7+ Kc6 46. Ne6 Ne4 47. g4 Nxc3 48. gxf5 gxf5 49. Ng7 Nxa2 50. Nxf5 Kd7 51. Ba5 Ke6 52. Ng7+ Kf6 53. Ne8+ Kf5 54. Kf3 a3 55. Ng7+ Kg6 56. Ne6 Bb4 57. Bc7 Bc3 58. Bd6 Nb4 59. Nc5 a2 60. Nb3 Nc2 61. Ke4 Nd4 62. Be5 Nxb3 63. Bxc3 a1Q 64. Bxa1 Nxa1 65. Ke5 Nc2 66. Ke6 Nd4+ 67. Ke5 Nf5 68. Ke6 Ng3 69. h4 h5 70. Ke5 Nf5 71. Ke6 Nxh4 72. Ke5 Nf5 73. Ke4 h4 74. Kf3 Kh5 75. Kf2 Kg4 76. Kg2 h3+ 77. Kh2 Ng3 78. Kg1 Ne4 79. Kh2 Nf2 80. f5 Kh4 81. f6 Ng4+ 82. Kg1 Kg3 0-1

[Event "Bergen Grand Prix A"]
[Site "Bergen"]
[Date "2018.11.23"]
[Round "1"]
[White "Solberg, Joachim Krokvik"]
[Black "Flatebo, Hallvard Haug"]
[Result "1/2-1/2"]
[WhiteElo "2205"]
[BlackElo "1815"]
[PlyCount "86"]
[EventDate "2018.11.23"]
[EventType "swiss"]
[EventRounds "5"]
[EventCountry "NOR"]
[SourceTitle "EXT 2024"]
[Source "ChessBase"]
[SourceDate "2023.10.10"]
[SourceVersion "1"]
[SourceVersionDate "2023.10.10"]
[SourceQuality "1"]

1. e4 e6 2. d3 d5 3. Nd2 c5 4. Ngf3 Nf6 5. c3 Nc6 6. g3 Be7 7. Bg2 b6 8. 0-0 Bb7 9. e5 Nd7 10. Re1 Qc7 11. Qe2 0-0 12. h4 Rad8 13. Nf1 b5 14. Bf4 Nb6 15. N1h2 d4 16. Ng5 Bxg5 17. Bxg5 Ne7 18. cxd4 Rxd4 19. Nf3 Rd7 20. Rac1 Nbd5 21. a3 Qb6 22. Nd2 h6 23. Bxe7 Nxe7 24. Ne4 Bxe4 25. Bxe4 Rc8 26. Rc2 Nc6 27. Bxc6 Rxc6 28. Rec1 Rd5 29. Qe3 Qd8 30. Rc3 Qc7 31. Re1 a5 32. b3 Qd7 33. Rec1 b4 34. axb4 axb4 35. Rxc5 Rcxc5 36. Rxc5 Rxd3 37. Rc8+ Qxc8 38. Qxd3 Qc3 39. Qe3 h5 40. Kg2 Qc6+ 41. f3 Qc2+ 42. Kf1 Qd1+ 43. Kf2 Qc2+ 1/2-1/2

[Event "Oslo op"]
[Site "Oslo"]
[Date "2018.10.06"]
[Round "9"]
[White "Flatebo, Hallvard Haug"]
[Black "Landsverk, Ida"]
[Result "1-0"]
[WhiteElo "1799"]
[BlackElo "1348"]
[PlyCount "67"]
[EventDate "2018.09.30"]
[EventType "swiss"]
[EventRounds "10"]
[EventCountry "NOR"]
[SourceTitle "EXT 2020"]
[Source "ChessBase"]
[SourceDate "2019.10.17"]
[SourceVersion "1"]
[SourceVersionDate "2019.10.17"]
[SourceQuality "1"]

1. d4 Nf6 2. c4 g6 3. Nc3 Bg7 4. e4 d6 5. f4 c5 6. dxc5 dxc5 7. Qxd8+ Kxd8 8. Be3 Nbd7 9. 0-0-0 e6 10. Bxc5 b6 11. Bd4 Ke7 12. g4 e5 13. fxe5 Nxg4 14. Nd5+ Kd8 15. Nf3 Bb7 16. Bh3 Bxd5 17. Bxg4 Bh6+ 18. Kb1 Bxe4+ 19. Ka1 Rf8 20. Bf2 Bf5 21. Bxf5 gxf5 22. e6 fxe6 23. Ne5 Bf4 24. Bh4+ Kc8 25. Nxd7 Rf7 26. Rhg1 Kb7 27. Rge1 Re8 28. Nf6 Rc8 29. Rxe6 Rxc4 30. Bg3 Bg5 31. Ne8 Be7 32. Rxe7+ Rxe7 33. Nd6+ Kc6 34. Nxc4 1-0

[Event "NOR-chT Club"]
[Site "Bergen"]
[Date "2018.05.12"]
[Round "3.13"]
[White "Flatebo, Hallvard Haug"]
[Black "Solli, Jarle"]
[Result "1-0"]
[WhiteElo "1717"]
[BlackElo "1744"]
[PlyCount "41"]
[EventDate "2018.05.10"]
[EventType "team-swiss"]
[EventRounds "6"]
[EventCountry "NOR"]
[SourceTitle "EXT 2019"]
[Source "ChessBase"]
[SourceDate "2018.10.10"]
[SourceVersion "1"]
[SourceVersionDate "2018.10.10"]
[SourceQuality "1"]
[WhiteTeam "Sevland II"]
[BlackTeam "Bergens III"]
[WhiteTeamCountry "NOR"]
[BlackTeamCountry "NOR"]

1. e4 c5 2. Nf3 Nc6 3. d4 cxd4 4. Nxd4 Nxd4 5. Qxd4 Qc7 6. Nc3 e5 7. Qd1 Bb4 8. Bd2 Bxc3 9. Bxc3 Nf6 10. f3 0-0 11. Qd2 a5 12. 0-0-0 Rd8 13. Qd6 b5 14. Bxe5 Qxd6 15. Rxd6 Bb7 16. Rd2 d5 17. exd5 Rxd5 18. Rxd5 Bxd5 19. a3 Rc8 20. Bd4 Rb8 21. Bxb5 1-0

[Event "NOR-ch Elite qual"]
[Site "Oslo"]
[Date "2018.04.08"]
[Round "3.2"]
[White "Flatebo, Hallvard Haug"]
[Black "Machlik, Monika"]
[Result "0-1"]
[WhiteElo "1702"]
[BlackElo "2045"]
[PlyCount "94"]
[EventDate "2018.04.06"]
[EventType "team-tourn"]
[EventRounds "3"]
[EventCountry "NOR"]
[SourceTitle "CBM 183 Extra"]
[Source "ChessBase"]
[SourceDate "2018.04.19"]
[SourceVersion "1"]
[SourceVersionDate "2018.04.19"]
[SourceQuality "1"]
[WhiteTeam "Sevland"]
[BlackTeam "Tromsoe"]
[WhiteTeamCountry "NOR"]
[BlackTeamCountry "NOR"]

1. d4 Nf6 2. Nf3 e6 3. c4 Bb4+ 4. Bd2 a5 5. Nc3 b6 6. Qc2 Bb7 7. g3 Nc6 8. d5 exd5 9. Nxd5 Nxd5 10. cxd5 Bxd2+ 11. Qxd2 Nb4 12. e4 Qe7 13. Bd3 Bxd5 14. 0-0 Bb7 15. Rfe1 Nxd3 16. Qxd3 0-0 17. Rad1 d6 18. Nd4 Rfe8 19. f3 Qf6 20. Qc3 Rac8 21. Rc1 d5 22. exd5 Bxd5 23. Kg2 h6 24. Ne2 Re6 25. Nd4 Ree8 26. a3 c6 27. Re2 c5 28. Rce1 Rxe2+ 29. Nxe2 Qxc3 30. Nxc3 Be6 31. Rd1 Rb8 32. a4 Kf8 33. Kf2 Ke7 34. Ke3 Rd8 35. Rd3 Rxd3+ 36. Kxd3 Kd6 37. Ne4+ Kc6 38. Nc3 Bf5+ 39. Kd2 c4 40. Nb5 Kc5 41. Kc3 Bd7 42. Na3 Bxa4 43. Nxc4 Bc6 44. f4 f6 45. g4 Bd7 46. Ne3 b5 47. h4 b4+ 0-1

[Event "Hordaland-ch NGP"]
[Site "Bergen"]
[Date "2017.05.28"]
[Round "5"]
[White "Flatebo, Hallvard Haug"]
[Black "Solli, Jarle"]
[Result "0-1"]
[WhiteElo "1413"]
[BlackElo "1531"]
[PlyCount "26"]
[EventDate "2017.05.25"]
[EventType "swiss"]
[EventRounds "6"]
[EventCountry "NOR"]
[SourceTitle "EXT 2024"]
[Source "ChessBase"]
[SourceDate "2023.10.10"]
[SourceVersion "1"]
[SourceVersionDate "2023.10.10"]
[SourceQuality "1"]

1. e4 e6 2. d4 d5 3. Nc3 dxe4 4. Nxe4 Nc6 5. Nf3 e5 6. dxe5 Qxd1+ 7. Kxd1 Bg4 8. Be2 0-0-0+ 9. Bd2 Bxf3 10. Bxf3 Nxe5 11. Be2 Nf6 12. Nxf6 gxf6 13. c3 Bh6 0-1